000 00615nam a2200205Ii 4500
003 JO-AjNU
008 230605s9999||||xx |||||||||||||| ||und||
017 _a2013/4/1014
040 _aJO-AjNU
_bara
_erda
_cJO-AjNU
041 _aara
050 1 4 _aPJ7814.M3736.S29 2013
100 3 _aتأليف عمايرة، جميلة,
_eauthor
_947956
245 0 0 _aسيدة الخريف
264 3 1 _aعمان:وزارة الثقافة،2013
300 _a96ص
336 _atext
_btxt
_2rdacontent
337 _aunmediated
_bn
_2rdamedia
338 _avolume
_bnc
_2rdacarrier
650 4 _aالأدب العربي
_947957
999 _aA20970
_c24538
_d24538